SAHİHİ BUHARİ IV (Record no. 706704)

MARC details
000 -LEADER
sabit uzunluktaki kontrol alanı 00254nam a2200097Ia 4500
001 - KONTROL NUMARASI
kontrol alanı 706704
005 - EN SON İŞLEMİN TARİH VE ZAMANI
kontrol alanı 20250826162454.0
008 - SABİT-UZUNLUKTA VERİ ÖĞELERİ--GENEL BİLGİ
sabit uzunluktaki kontrol alanı 250824s9999 xx 000 0 und d
245 #0 - ESER / YAZAR
ESER ADI SAHİHİ BUHARİ IV
Yazar Adı İMAM BUHARİ
260 ## - YAYIN, DAĞITIM, VB.
YAYIN EVİ DİYANET İŞLERİ YAYINLARI
Holdings
Düşüm durumu Kayıp durumu Hasar Durumu Ödünç verilmez Ana kütüphane Geçerli Kütüphane Edinilen tarih Toplam ödünç verme sayısı Barkod Son görüntüleme tarihi Fiyatın geçerli olmaya başladığı tarih Koha materyal türü
        MUHAMMET HAMDİ YAZIR İMAM HATİP ORTAOKULU MUHAMMET HAMDİ YAZIR İMAM HATİP ORTAOKULU 24.08.2025   10263868 26.08.2025 26.08.2025 Books